| 000 | 00466nam a2200133Ia 4500 | ||
|---|---|---|---|
| 003 | GCL | ||
| 008 | 140319s9999 xx 000 0 ara d | ||
| 040 |
_aGCL / _cGCL |
||
| 082 | 0 | 4 |
_a398.41 _bع ا |
| 100 | 1 | _aعبدالسلام البسيونى | |
| 245 | 1 | 0 |
_aالالوهية فى العقائد الشعبية على الكتاب والسنة / _cعبدالسلام البسيونى |
| 300 | _a276 ص | ||
| 490 |
_aالهيئة العامة للاستعلامات _v0 |
||
| 999 |
_c49342 _d49342 |
||